| 000 | 03871nam a22003617i 4500 | ||
|---|---|---|---|
| 003 | DO-SdBNP | ||
| 005 | 20250227073850.0 | ||
| 007 | ta | ||
| 008 | 210302b 2020 dr 00| 0 eng d | ||
| 040 |
_aDO-SdBNP _bspa _cBNPHU _erda |
||
| 082 | 4 |
_a928.61 _bG182g _222 |
|
| 100 | 1 |
_aGutiérrez, Franklin, _d1951- _eautor _9590 |
|
| 245 | 1 | 0 |
_aManuel de Jesús Galván : _bvaivenes de una existencia revuelta / _cFranklin Gutiérrez ; coordinación de edición, José Alcántara Almánzar, Elvis Francis Soto. |
| 264 |
_aSanto Domingo : _bBanco Central de la República Dominicana, _c2020. |
||
| 300 |
_a420 páginas : _bilustraciones ; _c23 cm. |
||
| 336 |
_2rdacontent _atexto _btxt |
||
| 337 |
_2rdamedia _asin mediación _bn |
||
| 338 |
_2rdacarrier _avolumen _bnc |
||
| 490 |
_aBanco Central de la República Dominicana _v275 |
||
| 490 |
_aArte y Literatura _v102 |
||
| 500 | _aIncluye datos biográficos del autor en las solapas | ||
| 500 | _aIncluye referencias bibliográficas y notas al pie de las páginas e índice onomástico | ||
| 504 | _aBibliografía : p. 383-391 | ||
| 505 | 0 | _aPreámbulo, 13.-- Cronología, 15.-- Primera parte: vida de Manuel de Jesús Galván. Nacimiento: origen laberíntico, 33.-- Niñez, adolescencia y educación, 41.-- Primeras incursiones en la administración pública, 47.-- Anexión: su único recurso para alcanzar la paz social, 55.-- Periodo puertorriqueño (1865-1874), 72.-- De vuelta a Santo Domingo (1874), 94.-- Del poder moderado a los negocios furtivos, 120.-- Su último lustro de existencia, 127.-- Popularidad de Galván y Enriquillo, 137.-- Legado literario de Galván a sus descendientes, 141.-- Segunda parte: labor periodística y literaria. Producción periodística, 159.-- En la prensa dominicana, 159.-- En la prensa puertorriqueña, 170.-- Producción literaria, 179.-- La puericracia, 181.-- Federico y el aburrimiento, 188.-- Elvira y Manfredo, 190.-- Enriquillo, 195.-- El Enriquillo histórico de las crónicas, 201.-- El Enriquillo ficticio de Galván, 213.-- Invención de un héroe llamado Enriquillo, 234.-- Enriquillo, niño precoz, 241.-- Rebeldía de Enriquillo, 249.-- Protagonismo de Bartolomé de Las Casas en Enriquillo, 261.-- Rebelión de Enriquillo, 267.-- Carta de Enriquillo a Carlos V, 273.-- Tergiversaciones históricas en Enriquillo, 276.-- Enriquillo ante la crítica dominicana y foránea, 280.-- Ediciones de Enriquillo, 292.-- Ediciones resumidas, 310.-- Primer anexo: escritos relacionados con la muerte de Galván. Una página triste: el entierro de Galván, 317.-- Nota necrológica, 320.-- El sepelio de ayer, 323.-- Un muerto ilustre, 325.-- Don Manuel de Jesús Galván, 331.-- Manuel de J. Galván dead, 336.-- Manuel de J. Galván muerto, 338.-- Manuel de J. Galván, 340.-- Manuel de J. Galván, 346.-- Segundo anexo: documentos de misiones diplomáticas. Participación de República Dominicana en la Exposición histórico-americana de Madrid de 1892, 351.-- Protocolo de 1903: convenio entre los Estados Unidos de América y la República Dominicana para el pago de las acreencias reclamadas por la Santo Domingo Improvement, 364.-- Tercer anexo: documentos de transacciones comerciales. Documento de préstamo de Manuel de Jesús Galván a Philiphe Evertsz, 373.-- Documento de cobro de préstamo otorgado por Galván a Rafael Abréu, 377.-- Documento de préstamo-inversión de Galván a Antonio Ortiz, | |
| 590 | _aInventariado, 2021 /LP | ||
| 600 | 1 | 4 |
_aGalván, Manuel de Jesús _d1834-1910 _vBiografías _978558 |
| 650 | 4 |
_aEscritores dominicanos _vBiografías _919138 |
|
| 651 | 4 |
_aRepública Dominicana _vBiografías _91083 |
|
| 700 | 1 |
_aSoto, Elvis Francis, _ecoordinación de la edición _939156 |
|
| 700 | 1 |
_aAlcántara Almánzar, José _d1946- _ecoordinación de la edición _97018 |
|
| 910 | _aLperez.Validado. Control de calidad MAA | ||
| 942 |
_2ddc _cLBS1 |
||
| 999 |
_c49475 _d49475 |
||